À quel disney ou pixar appartient ce personnage - Statistiques

Statistiques générales
  • Ce quiz a été pris 865 fois
  • Le résultat moyen est 7 sur 12
Statistiques - réponses
Hint Personnage Disney/Pixar % Correct
1 Sven La reine des neiges
98%
3 Zazu Le roi lion
90%
8 Flèche Les indestructibles
69%
2 Eve Wall e
69%
12 Pua Vaiana
66%
5 Dante Coco
64%
9 Perdita Les 101 dalmatiens
56%
11 Nana Peter pan
52%
7 Kevin La haut
39%
10 Corail Le monde de Némo
39%
4 Ken Toy story 3
34%
6 Angus Rebelle
30%
Aucun quiz correspondant
Distribution des résultats
% des personnes avec chaque résultat
Percentile par nombre de réponses
Votre historique - résultats
Vous n’avez pas pris ce quiz